Statistieken voor Tik het alfabet in van A tot Z op volgorde

Klik hier om de quiz te nemen!

Algemene statistieken

  • Deze quiz is 109 keer genomen
  • De gemiddelde score is 25 van 26

Antwoordstatistieken

HintAntwoord% Correct
aa
100%
ss
100%
bb
97%
cc
97%
dd
97%
ee
97%
ff
97%
gg
97%
hh
97%
ii
97%
jj
97%
kk
97%
ll
97%
mm
97%
nn
97%
oo
97%
pp
97%
qq
97%
rr
97%
tt
97%
uu
97%
vv
97%
ww
97%
xx
94%
yy
94%
zz
94%

Scoreverdeling

Percentiel versus Aantal Correcte Antwoorden

Procent van Mensen met Elke Score

Uw Scoregeschiedenis

U heeft deze quiz nog niet genomen